000 01643nam2a22002411 4500
001 rc\2347105
005 20250622234148.0
035 _a(NLR Aleph) 006476082
090 _a5985076
_c5985076
100 _a20110829d1977 |||y0rusy50 ca
101 0 _arus
102 _aRU
105 _aa z |||||
200 1 _aТеоретические и практические проблемы патологической анатомии сельскохозяйственных животных
210 _d1977
_aБ. м.
215 _a320 с.
_cил.
320 _aБиблиогр. в конце работ
461 0 _1001rc\2347104
_12001#$aМатериалы VI Всесоюзной конференции по патологической анатомии животных$eТ.2$fМ-во сел. хоз-ва СССР. Отд-ние ветеринарии ВАСХНИЛ. Вет. секция Всесоюз. науч. о-ва патологоанатомов. Эст. с.-х. акад.$vТ. 2
_95985068
_aВсесоюзная конференция по патологической анатомии животных (6 ; 1977 ; Таллин)
_cТарту
_d1977
_fМ-во сел. хоз-ва СССР. Отд-ние ветеринарии ВАСХНИЛ. Вет. секция Всесоюз. науч. о-ва патологоанатомов. Эст. с.-х. акад.
_nБ. и.
_oТ.2
_tМатериалы VI Всесоюзной конференции по патологической анатомии животных
_vТ. 2
801 0 _aRU
_bNLR
_gpsbo
801 1 _aRU
_bELAR
_2rusmarc
852 _aNLR
_j77-7/1660
942 _cBOOK
980 _aNB